000 01215nam a22003014a 4500
001 ebr5000419
003 CaPaEBR
006 m u
007 cr cn|||||||||
008 000731s2000 enka sb 001 0 eng
010 _z 00061417
020 _z1860940994 (alk. paper)
040 _aCaPaEBR
_cCaPaEBR
035 _a(OCoLC)49797191
050 1 4 _aRC953.7
_b.D737 2000eb
082 0 4 _a615.5/8/0846
_221
245 0 0 _aDrugs and the older population
_h[electronic resource] /
_ceditors, Peter Crome, Gary Ford.
260 _aLondon :
_bImperial College Press ;
_aRiver Edge, NJ :
_bDistributed by World Scientific Pub. Co.,
_c2000.
300 _axxi, 704 p. :
_bill.
504 _aIncludes bibliographical references and index.
533 _aElectronic reproduction.
_bPalo Alto, Calif. :
_cebrary,
_d2013.
_nAvailable via World Wide Web.
_nAccess may be limited to ebrary affiliated libraries.
650 0 _aGeriatric pharmacology.
655 7 _aElectronic books.
_2local
700 1 _aCrome, Peter.
700 1 _aFord, Gary
_q(Gary A.)
710 2 _aebrary, Inc.
856 4 0 _uhttp://site.ebrary.com/lib/rucke/Doc?id=5000419
_zAn electronic book accessible through the World Wide Web; click to view
999 _c2802
_d2802